The value chain approach for mountain development : (Record no. 3494)
[ view plain ]
| 000 -LEADER | |
|---|---|
| fixed length control field | 00861cam a2200193 4500 |
| 001 - CONTROL NUMBER | |
| control field | 4245 |
| 010 ## - LIBRARY OF CONGRESS CONTROL NUMBER | |
| LC control number | 2010347449 |
| 020 ## - INTERNATIONAL STANDARD BOOK NUMBER | |
| International Standard Book Number | 9789291152858 |
| 245 14 - TITLE STATEMENT | |
| Title | The value chain approach for mountain development : |
| Remainder of title | Case studies from Uttarakhand / |
| Statement of responsibility, etc. | [Dyutiman Choudhary]. |
| 260 ## - PUBLICATION, DISTRIBUTION, ETC. | |
| Place of publication, distribution, etc. | Kathmandu : |
| Name of publisher, distributor, etc. | International Centre for Integrated Mountain Development, |
| Date of publication, distribution, etc. | 2013. |
| 300 ## - PHYSICAL DESCRIPTION | |
| Extent | vi, 34 p. ; |
| Other physical details | col. ill., col. map ; |
| Dimensions | 30 cm. |
| 500 ## - GENERAL NOTE | |
| General note | CD Available to Accompany Text. |
| 650 ## - SUBJECT ADDED ENTRY--TOPICAL TERM | |
| Topical term or geographic name entry element | Asia --Hindu Kush Mountains. |
| Form subdivision | |
| General subdivision | |
| Chronological subdivision | |
| Geographic subdivision | |
| Source of heading or term | |
| Topical term or geographic name entry element | Mountains. |
| Form subdivision | |
| General subdivision | |
| Chronological subdivision | |
| Geographic subdivision | |
| Source of heading or term | |
| Topical term or geographic name entry element | Regional planning --Case studies. |
| Form subdivision | |
| General subdivision | |
| Chronological subdivision | |
| Geographic subdivision | |
| Source of heading or term | |
| 651 ## - SUBJECT ADDED ENTRY--GEOGRAPHIC NAME | |
| Geographic name | Himalaya Mountains Region. |
| Form subdivision | |
| General subdivision | |
| Chronological subdivision | |
| Geographic subdivision | |
| Source of heading or term | |
| 710 2# - ADDED ENTRY--CORPORATE NAME | |
| Corporate name or jurisdiction name as entry element | International Centre for Integrated Mountain Development. |
| 856 ## - ELECTRONIC LOCATION AND ACCESS | |
| Host name | |
| Uniform Resource Identifier | <a href="http://lib.icimod.org/record/28849/files/WP2013-6.pdf">http://lib.icimod.org/record/28849/files/WP2013-6.pdf</a> |
| Link text | The value chain approach for mountain development. |
| Public note | |
| Materials specified | |
| Withdrawn status | Lost status | Source of classification or shelving scheme | Damaged status | Not for loan | Collection code | Home library | Current library | Shelving location | Date acquired | Serial Enumeration / chronology | Inventory number | Total Checkouts | Full call number | Barcode | Date last seen | Price effective from | Koha item type |
|---|---|---|---|---|---|---|---|---|---|---|---|---|---|---|---|---|---|
| Dewey Decimal Classification | Main TEST | RTC Library | RTC Library | Main opac | 27/11/2018 | 7101 | 338.954 INT | 30007928 | 27/11/2018 | 27/11/2018 | Main | ||||||
| Dewey Decimal Classification | Desk | RTC Library | RTC Library | Desk | 27/11/2018 | 338.954 INT | 30009870 | 27/11/2018 | 27/11/2018 | Desk (DVD/CD) |